[Event "Las Americas U1800 U16 rapid op"]
[Site "Tornelo INT"]
[Date "2023.01.15"]
[Round "5"]
[White "Ruiz Guanga, Lucas Mathias"]
[Black "Rueda Valero, Christian Alejandro"]
[Result "1-0"]
[WhiteElo "1273"]
[BlackElo "1396"]
[PlyCount "159"]
[EventDate "2023.01.14"]
[EventType "swiss (rapid)"]
[EventRounds "7"]
[EventCountry "VEN"]
[SourceTitle "CBM 212 Extra"]
[Source "ChessBase"]
[SourceDate "2023.03.31"]
[SourceVersion "1"]
[SourceVersionDate "2023.03.31"]
[SourceQuality "1"]

1. c4 Nf6 2. Nc3 c5 3. Nf3 Nc6 4. g3 g6 5. Bg2 Bg7 6. d3 0-0 7. 0-0 d6 8. a3 Bf5 9. Rb1 Qd7 10. b4 cxb4 11. axb4 Bh3 12. b5 Ne5 13. Nxe5 dxe5 14. Qb3 Bxg2 15. Kxg2 Qg4 16. Ba3 Nh5 17. e3 Rfd8 18. Rfd1 Rd7 19. Ne4 b6 20. c5 bxc5 21. h3 Qe6 22. Qxe6 fxe6 23. Nxc5 Rd5 24. Nxe6 Rc8 25. Nxg7 Nxg7 26. Bxe7 Rb8 27. d4 exd4 28. Rxd4 Rxd4 29. exd4 Kf7 30. Bc5 Rb7 31. b6 axb6 32. Rxb6 Rxb6 33. Bxb6 Ke6 34. Kf3 Ne8 35. Bc5 Nc7 36. Ke4 Nd5 37. f4 Nc3+ 38. Kf3 h5 39. g4 h4 40. Bf8 Nb5 41. Bg7 Nd6 42. Be5 Nc4 43. Bg7 Nd2+ 44. Kg2 Kf7 45. Bh6 Nb3 46. d5 Ke7 47. Bg5+ Kd6 48. Bxh4 Kxd5 49. Bg5 Ke4 50. h4 Nd4 51. h5 gxh5 52. gxh5 Ne6 53. h6 Nf8 54. Kg3 Kf5 55. Kf3 Nh7 56. Ke3 Nf8 57. Kd4 Kg6 58. Ke5 Nh7 59. Ke6 Nf8+ 60. Ke7 Nh7 61. Ke6 Nf8+ 62. Kd6 Kf7 63. f5 Nh7 64. Bh4 Nf8 65. Bg5 Nh7 66. Be7 Kg8 67. Ke6 Kh8 68. Kf7 Ng5+ 69. Bxg5 Kh7 70. f6 Kh8 71. Ke8 Kg8 72. f7+ Kh7 73. f8N+ Kg8 74. h7+ Kg7 75. Bf6+ Kxf6 76. h8Q+ Kf5 77. Ng6 Kxg6 78. Qe5 Kh6 79. Kf7 Kh7 80. Qh5# 1-0

[Event "Las Americas U1800 U16 rapid op"]
[Site "Tornelo INT"]
[Date "2023.01.15"]
[Round "7"]
[White "Salas Porras, Anghelina Jazmin"]
[Black "Ruiz Guanga, Lucas Mathias"]
[Result "0-1"]
[WhiteElo "1289"]
[BlackElo "1273"]
[PlyCount "150"]
[EventDate "2023.01.14"]
[EventType "swiss (rapid)"]
[EventRounds "7"]
[EventCountry "VEN"]
[SourceTitle "CBM 212 Extra"]
[Source "ChessBase"]
[SourceDate "2023.03.31"]
[SourceVersion "1"]
[SourceVersionDate "2023.03.31"]
[SourceQuality "1"]

1. e4 c5 2. Nf3 Nc6 3. Bb5 g6 4. d3 Bg7 5. 0-0 Qc7 6. Nc3 d6 7. Nd5 Qd8 8. Bxc6+ bxc6 9. Nc3 Rb8 10. Re1 Bg4 11. h3 Bxf3 12. Qxf3 e6 13. a4 a5 14. Ra3 Ne7 15. Qg3 0-0 16. f4 f5 17. e5 d5 18. Ne2 Qb6 19. Qg5 Qa7 20. Kh1 d4 21. Ng1 h6 22. Qh4 Nd5 23. Nf3 Qe7 24. Qxe7 Nxe7 25. Nd2 Nd5 26. Nc4 Ra8 27. Bd2 Nb4 28. Rc1 Rfb8 29. Rb3 Bf8 30. g4 Kf7 31. Kg2 Be7 32. Kf3 Bf8 33. Ke2 Ke7 34. Nd6 Kd7 35. Nc4 Kc7 36. Be1 Be7 37. Kd2 h5 38. gxf5 gxf5 39. Bf2 Rg8 40. Rg1 Rxg1 41. Bxg1 Nd5 42. c3 dxc3+ 43. bxc3 Nxf4 44. d4 cxd4 45. Bxd4 c5 46. Be3 Nxh3 47. Rb5 Ng5 48. Nxa5 Ne4+ 49. Kc2 Ra7 50. Kb3 h4 51. Nc4 Rb7 52. Nd2 Nxd2+ 53. Bxd2 Rxb5+ 54. axb5 h3 55. Bf4 Bh4 56. Ka4 Kb6 57. c4 Bf2 58. Bh2 f4 59. Bxf4 Bg1 60. Kb3 h2 61. Bxh2 Bxh2 62. Kc3 Bxe5+ 63. Kd3 Ka5 64. Ke4 Bc7 65. Kf3 Kb4 66. Kg4 Kxc4 67. Kg5 Kxb5 68. Kf6 c4 69. Kxe6 c3 70. Kd7 c2 71. Kxc7 c1Q+ 72. Kb7 Qh6 73. Kb8 Kc6 74. Ka7 Qf8 75. Ka6 Qa8# 0-1

[Event "Las Americas U1800 U16 rapid op"]
[Site "Tornelo INT"]
[Date "2023.01.14"]
[Round "4"]
[White "Ruiz Guanga, Lucas Mathias"]
[Black "Acosta Leon, Duham Nehuem"]
[Result "0-1"]
[WhiteElo "1273"]
[BlackElo "1301"]
[PlyCount "56"]
[EventDate "2023.01.14"]
[EventType "swiss (rapid)"]
[EventRounds "7"]
[EventCountry "VEN"]
[SourceTitle "CBM 212 Extra"]
[Source "ChessBase"]
[SourceDate "2023.03.31"]
[SourceVersion "1"]
[SourceVersionDate "2023.03.31"]
[SourceQuality "1"]

1. e4 e5 2. Nf3 Nc6 3. Bc4 Bc5 4. c3 Nf6 5. b4 Bb6 6. d3 d6 7. a4 a5 8. b5 Ne7 9. 0-0 Be6 10. Bxe6 fxe6 11. Qb3 Qd7 12. h3 0-0 13. Re1 Ng6 14. d4 exd4 15. cxd4 Kh8 16. e5 dxe5 17. dxe5 Nd5 18. Na3 Nh4 19. Nc4 Nxf3+ 20. gxf3 Bd4 21. Bb2 Bxb2 22. Nxb2 Rf4 23. Re4 Raf8 24. Rxf4 Nxf4 25. Kh2 Qf7 26. Nc4 Qh5 27. Ne3 Qxh3+ 28. Kg1 Ne2# 0-1

[Event "South America-ch U10 17th"]
[Site "Guayaquil"]
[Date "2022.01.28"]
[Round "5"]
[White "Estrada Cantaro, Andre Fabio"]
[Black "Ruiz Guanga, Lucas Mathias"]
[Result "0-1"]
[WhiteElo "1283"]
[BlackElo "1261"]
[PlyCount "82"]
[EventDate "2022.01.25"]
[EventType "swiss"]
[EventRounds "9"]
[EventCountry "ECU"]
[SourceTitle "CBM 206 Extra"]
[Source "ChessBase"]
[SourceDate "2022.03.31"]
[SourceVersion "1"]
[SourceVersionDate "2022.03.31"]
[SourceQuality "1"]

1. e4 c5 2. Nf3 Nc6 3. d4 cxd4 4. Nxd4 g6 5. Nc3 Bg7 6. Be3 Nf6 7. Nxc6 bxc6 8. e5 Ng8 9. Bd4 Nh6 10. Bc4 Nf5 11. 0-0 0-0 12. Be3 Bxe5 13. Qf3 d5 14. Rad1 Qc7 15. Bd3 Nh4 16. Qe2 d4 17. Bh6 dxc3 18. Bxf8 Kxf8 19. Qe3 Nf5 20. Bxf5 Bxf5 21. f4 Bg7 22. bxc3 Qb6 23. Rfe1 Bxc3 24. Qxb6 axb6 25. Re3 Bb4 26. Kf1 Bxc2 27. Rd7 Ke8 28. Rb7 Bc5 29. Rh3 Kd8 30. Rxh7 Kc8 31. Rxe7 Bxe7 32. Rxf7 Kd7 33. g4 Rxa2 34. f5 gxf5 35. gxf5 Bb3 36. Rg7 Bc4+ 37. Kg1 Ke8 38. h4 Bc5+ 39. Kh1 Bd5+ 40. Rg2 Rxg2 41. f6 Ra2# 0-1